[Event "Israel Championship Finals"]
[Site "?"]
[Date "2002.11.30"]
[Round "6"]
[White "Zilberman, Yaacov"]
[Black "Kantsler, Boris"]
[Result "1/2-1/2"]
[WhiteElo "2467"]
[BlackElo "2486"]
[PlyCount "125"]

1. d4 Nf6 2. Nf3 c5 3. e3 g6 4. Be2 Bg7 5. O-O cxd4 6. exd4 d5 7. c3 O-O 8. Bf4
Nc6 9. Nbd2 Bf5 10. Re1 Rc8 11. Ne5 Nd7 12. Nxc6 Rxc6 13. Qb3 Rb6 14. Qxd5 Rxb2
15. Nc4 Be6 16. Qf3 Bxc4 17. Bxc4 Rb6 18. Bd5 e6 19. Bb3 Qc8 20. Rac1 Nf6 21.
c4 Ra6 22. d5 Nd7 23. c5 Nxc5 24. Qe3 b6 25. Bd6 e5 26. Bxf8 Qxf8 27. Red1 Qd6
28. Qh3 Ra5 29. Qc8+ Bf8 30. Qc6 Kg7 31. h3 e4 32. Qe8 Nxb3 33. axb3 Rxd5 34.
Re1 Re5 35. Qa4 Qe6 36. Qxa7 Bc5 37. Qa1 Kh6 38. Rc4 Qf6 39. Re2 Qe6 40. Qc1+
Kg7 41. Qc3 Kh6 42. b4 Be7 43. Rc6 Qf5 44. Rxb6 Bg5 45. Rd6 Bf4 46. Rd4 e3 47.
fxe3 Bg3 48. Qc1 Kg7 49. Rg4 Qd3 50. Qc2 Rxe3 51. Qxd3 Rxd3 52. Rxg3 Rxg3 53.
Rb2 Rc3 54. b5 Rc7 55. Kf2 Kf6 56. Ke3 Ke5 57. Kd3 Kd5 58. g4 h6 59. h4 Rb7 60.
Ke3 Rb6 61. Rf2 Rxb5 62. Rxf7 Ke6 63. h5 1/2-1/2

[Event "Israel Championship Finals"]
[Site "?"]
[Date "2002.11.30"]
[Round "6"]
[White "Polyakov, Alex"]
[Black "Pasman, Michael"]
[Result "0-1"]
[WhiteElo "2311"]
[BlackElo "2345"]
[PlyCount "166"]

1. e4 c6 2. d4 d5 3. exd5 cxd5 4. Bd3 Nf6 5. h3 Nc6 6. c3 g6 7. Nf3 Bf5 8. Bxf5
gxf5 9. Bf4 e6 10. Nbd2 Bd6 11. Bxd6 Qxd6 12. Qe2 Rg8 13. g3 Qc7 14. O-O-O
O-O-O 15. Kb1 Kb8 16. Ne1 h5 17. Ng2 Rg7 18. h4 Ne7 19. Nf4 Rh8 20. Nf3 Ng6 21.
Nxg6 Rxg6 22. Ne5 Rg7 23. Nd3 Rgg8 24. Nf4 Rc8 25. Rd2 Ka8 26. Rc2 a6 27. Rhc1
b5 28. Qf3 Ka7 29. b3 Qb6 30. Qd1 Rc7 31. Nd3 Ne4 32. b4 a5 33. a3 Nd6 34. Ra2
a4 35. Rac2 Qc6 36. Nc5 Rcc8 37. Qf3 Nc4 38. Ka2 Qc7 39. Re1 Rcg8 40. Nd3 Rg4
41. Rb1 Rc8 42. Qd1 Rcg8 43. Qf3 Kb6 44. Qd1 Kb7 45. Qf3 Ka7 46. Qd1 Rh8 47.
Qf3 Kb7 48. Qd1 Ka8 49. Qf3 Nd6 50. Ka1 Rxd4 51. cxd4 Qxc2 52. Rc1 Qb3 53. Ne5
Qxf3 54. Nxf3 Nc4 55. Ka2 Kb7 56. Ng5 Rf8 57. Nh3 Kc7 58. Nf4 Rh8 59. Rc2 Kd6
60. Re2 Kd7 61. Nd3 Ke7 62. Nf4 Kf6 63. Nd3 Kg7 64. Nf4 Kh6 65. Rc2 Rc8 66. Nd3
Kg7 67. Nf4 Rh8 68. Nd3 Kf6 69. Nf4 Ke7 70. Re2 Kd6 71. Nd3 f6 72. Re1 e5 73.
Re2 Rg8 74. Ne1 Rg4 75. Nf3 Re4 76. dxe5+ fxe5 77. Rxe4 dxe4 78. Ng1 e3 79. f3
f4 80. g4 hxg4 81. h5 gxf3 82. Nxf3 Ke7 83. Kb1 Nd2+ 0-1

[Event "Israel Championship Finals"]
[Site "?"]
[Date "2002.12.01"]
[Round "7"]
[White "Roth, Efim"]
[Black "Polyakov, Alex"]
[Result "0-1"]
[WhiteElo "2125"]
[BlackElo "2311"]
[PlyCount "42"]

1. e4 b6 2. Nf3 Bb7 3. Nc3 e6 4. d4 Bb4 5. Bd3 Nf6 6. Qe2 d5 7. e5 Ne4 8. Bd2
Bxc3 9. Bxc3 c5 10. Bxe4 dxe4 11. Nd2 cxd4 12. Bb4 Qd5 13. Bd6 Nd7 14. f4 Rc8
15. Qg4 g6 16. Qh4 f6 17. O-O Rxc2 18. Qh6 Kf7 19. Rac1 d3 20. f5 exf5 21. exf6
Nxf6 0-1

[Event "Israel Championship Finals"]
[Site "?"]
[Date "2002.12.01"]
[Round "7"]
[White "Bitansky, Igor"]
[Black "Hmelniker, Ilya"]
[Result "1/2-1/2"]
[WhiteElo "2370"]
[BlackElo "2298"]
[PlyCount "32"]

1. e4 e5 2. Nf3 Nc6 3. Nc3 Nf6 4. g3 d5 5. exd5 Nxd5 6. Bg2 Nxc3 7. bxc3 Bc5 8.
O-O O-O 9. d3 Qf6 10. Be3 Bb6 11. Nd2 Qg6 12. Nc4 Bg4 13. Qd2 Qh5 14. a4 Bh3
15. a5 Bxg2 16. Kxg2 Bxe3 1/2-1/2

[Event "Israel Championship Finals"]
[Site "?"]
[Date "2002.12.01"]
[Round "7"]
[White "Shachar, Ehud"]
[Black "Golod, Vitali"]
[Result "1/2-1/2"]
[WhiteElo "2374"]
[BlackElo "2523"]
[PlyCount "38"]

1. e4 c5 2. Nf3 Nc6 3. g3 g6 4. d3 Bg7 5. Bg2 d6 6. O-O e5 7. Nh4 Nge7 8. f4
exf4 9. gxf4 d5 10. c3 dxe4 11. dxe4 Qxd1 12. Rxd1 Bg4 13. Re1 O-O 14. Be3 b6
15. Nd2 Rad8 16. Nhf3 h6 17. Nc4 Be6 18. Bf1 b5 19. Nce5 Nxe5 1/2-1/2

[Event "Israel Championship Finals"]
[Site "?"]
[Date "2002.12.01"]
[Round "7"]
[White "Kundin, Alexander"]
[Black "Vainshtein, Vladimir"]
[Result "1-0"]
[WhiteElo "2429"]
[BlackElo "2321"]
[PlyCount "43"]

1. e4 c6 2. d4 d5 3. Nc3 a6 4. a4 g6 5. h3 Bg7 6. Nf3 Nh6 7. a5 O-O 8. Be2 f6
9. O-O Kh8 10. Bf4 Nf7 11. Qd2 Be6 12. Rfe1 Nd6 13. Bd3 Bg8 14. e5 fxe5 15.
Bxe5 Bf6 16. Ne2 Nd7 17. Nf4 Ne4 18. Bxe4 dxe4 19. Nxg6+ Kg7 20. Nxf8 exf3 21.
Nxd7 Qxd7 22. Qg5+ 1-0

[Event "Israel Championship Finals"]
[Site "?"]
[Date "2002.12.01"]
[Round "7"]
[White "Erenburg, Sergey"]
[Black "Roiz, Michael"]
[Result "0-1"]
[WhiteElo "2494"]
[BlackElo "2512"]
[PlyCount "72"]

1. e4 c5 2. c3 Qa5 3. g3 b5 4. Bg2 Bb7 5. Ne2 Nf6 6. d3 d6 7. O-O Nbd7 8. h3 e6
9. g4 h6 10. Ng3 d5 11. f4 dxe4 12. dxe4 c4 13. g5 hxg5 14. fxg5 Ng8 15. Be3
Qc7 16. Ne2 Bc5 17. Nd4 Bxe4 18. Qg4 Bxg2 19. Qxg2 Rb8 20. Qf2 Ne5 21. Nxe6
fxe6 22. Bxc5 Ne7 23. Bxa7 Rb7 24. Bd4 Rxh3 25. Qf8+ Kd7 26. Qf4 Nd3 27. Qxc7+
Rxc7 28. Rf7 e5 29. Kg2 Rh5 30. Be3 Ne1+ 31. Kf2 Nc2 32. Na3 Nxa1 33. Kg2 Ke6
34. Rf1 Nf5 35. Bf2 Rxg5+ 36. Kf3 Rf7 0-1

[Event "Israel Championship Finals"]
[Site "?"]
[Date "2002.12.01"]
[Round "7"]
[White "Kreizberg, Michael"]
[Black "Klenburg, Mikhail"]
[Result "1/2-1/2"]
[WhiteElo "2346"]
[BlackElo "2331"]
[PlyCount "106"]

1. Nf3 d6 2. d4 Nf6 3. Nc3 g6 4. e4 Bg7 5. Be3 O-O 6. Qd2 a6 7. Bh6 b5 8. Bxg7
Kxg7 9. h4 h5 10. e5 dxe5 11. Nxe5 Bb7 12. O-O-O Nbd7 13. Be2 Nb6 14. Rhg1 Rh8
15. Bf3 Rb8 16. Qe2 Qd6 17. Bxb7 Rxb7 18. Qf3 Nbd5 19. Ne4 Qb6 20. Rge1 c6 21.
Ng5 e6 22. Qg3 Rh6 23. Qh3 Nf4 24. Qf3 N4d5 25. Qe2 Rh8 26. Qd3 Rh6 27. Qd2 Rh8
28. Qd3 Rh6 29. Kb1 a5 30. c3 b4 31. Nc4 Qb5 32. Nd6 Qxd3+ 33. Rxd3 Rd7 34. Nc4
bxc3 35. bxc3 Rh8 36. Rf3 Rb7+ 37. Kc2 a4 38. Rb1 Rxb1 39. Kxb1 Rd8 40. Ne5
Rb8+ 41. Kc2 a3 42. Nc4 Ne7 43. Nxa3 Nf5 44. g3 Rc8 45. Nc4 c5 46. dxc5 Rxc5
47. Kb3 Rb5+ 48. Ka4 Rb8 49. Na5 Nd7 50. Ne4 Ne5 51. Rf4 Nd3 52. Rf3 Ne5 53.
Rf4 Nd3 1/2-1/2

[Event "Israel Championship Finals"]
[Site "?"]
[Date "2002.12.01"]
[Round "7"]
[White "Avrukh, Boris"]
[Black "Sutovsky, Emil"]
[Result "1-0"]
[WhiteElo "2595"]
[BlackElo "2657"]
[PlyCount "83"]

1. Nf3 Nf6 2. c4 c5 3. d4 cxd4 4. Nxd4 Nc6 5. Nc3 e6 6. a3 Nxd4 7. Qxd4 b6 8.
Qf4 d6 9. e4 Nd7 10. Qg3 Ba6 11. Bg5 Qc7 12. Rc1 Rc8 13. Be2 h6 14. Be3 Qb7 15.
b3 Nf6 16. Bf3 Qb8 17. O-O Bb7 18. Rfd1 Qa8 19. Nb5 Bxe4 20. Be2 Rc6 21. f3 Nh5
22. Qg4 Nf6 23. Qh4 Bg6 24. c5 bxc5 25. Qa4 Nd7 26. Nxa7 Rc7 27. Nb5 Qxa4 28.
Nxc7+ Kd8 29. Nxe6+ fxe6 30. bxa4 Kc7 31. Bb5 Nb6 32. Bf4 e5 33. Bg3 Bf5 34. a5
Nd7 35. f4 e4 36. Bxd7 Bxd7 37. f5 Kc6 38. Rb1 e3 39. Rb6+ Kc7 40. Rd5 c4 41.
Rc5+ Kd8 42. a6 1-0

[Event "Israel Championship Finals"]
[Site "?"]
[Date "2002.12.01"]
[Round "7"]
[White "Vydeslaver, Alik"]
[Black "Postny, Evgeny"]
[Result "1-0"]
[WhiteElo "2434"]
[BlackElo "2497"]
[PlyCount "121"]

1. e4 e5 2. Nf3 Nc6 3. Nc3 Nf6 4. d4 exd4 5. Nxd4 Bb4 6. Nxc6 bxc6 7. Bd3 d5 8.
exd5 Qe7+ 9. Qe2 Qxe2+ 10. Kxe2 cxd5 11. Nb5 Kd8 12. Rd1 c6 13. Nd4 Kc7 14.
Bf4+ Bd6 15. Bxd6+ Kxd6 16. c4 Re8+ 17. Kf1 Bd7 18. b4 Rab8 19. Rab1 Ng4 20. h3
Ne5 21. c5+ Kc7 22. Ba6 Ng6 23. a3 Ne7 24. Re1 Nf5 25. Nb3 h5 26. Bd3 h4 27.
Rxe8 Rxe8 28. Re1 Rxe1+ 29. Kxe1 Ne7 30. Nd4 g5 31. f4 g4 32. f5 gxh3 33. gxh3
Kd8 34. Kf2 Ng8 35. Kf3 Ke7 36. Kf4 Kf6 37. Nf3 Ne7 38. Nxh4 Bc8 39. Bb1 Bd7
40. Bc2 Bc8 41. Bd3 Bd7 42. a4 Bc8 43. b5 cxb5 44. axb5 Bd7 45. Ke3 d4+ 46.
Kxd4 Kg5 47. Nf3+ Kf4 48. Ne5 Bxf5 49. h4 Be6 50. Nc6 Nc8 51. Bc4 Bd7 52. Ne5
Be8 53. Nxf7 Ne7 54. Nd6 Bd7 55. Bf7 Bg4 56. h5 Kg5 57. Ke5 Bf3 58. h6 Kxh6 59.
Kf6 Nd5+ 60. Bxd5 Bxd5 61. c6 1-0

[Event "Israel Championship Finals"]
[Site "?"]
[Date "2002.12.01"]
[Round "7"]
[White "Michalevsky, Victor"]
[Black "Zilberman, Yaacov"]
[Result "1/2-1/2"]
[WhiteElo "2524"]
[BlackElo "2467"]
[PlyCount "114"]

1. Nf3 d5 2. d4 Nd7 3. c4 dxc4 4. e4 Nb6 5. a4 a5 6. h3 g6 7. Nc3 Bg7 8. Bf4 c6
9. Qd2 Nf6 10. Be2 O-O 11. O-O Ne8 12. Rfe1 f5 13. Bf1 Nc7 14. Bh6 Qd6 15. d5
cxd5 16. exd5 Re8 17. Rad1 Bf6 18. Qe3 Na6 19. Nb5 Qd8 20. d6 Bd7 21. Nc7 Nxc7
22. Qxb6 exd6 23. Rxd6 Rxe1 24. Nxe1 Ne8 25. Bxc4+ Kh8 26. Rxf6 Qxf6 27. Qxb7
Bc6 28. Qb6 Be4 29. Qc5 Qd6 30. Qe3 Ng7 31. Qc3 Qc7 32. f3 Bb7 33. Nd3 Re8 34.
Bf4 Qb6+ 35. Kh2 Ba6 36. Be5 Bxc4 37. Bxg7+ Kg8 38. Bh6 Qc7+ 39. f4 Rc8 40. Nc5
Bd5 41. Qd4 Qf7 42. Nd3 Ba8 43. Ne1 Re8 44. Qc3 Qa7 45. Qc4+ Qf7 46. Qc3 Re2
47. Kg3 Qe7 48. Qc4+ Qe6 49. Qc7 Qe3+ 50. Kh2 Qe7 51. Qc4+ Qe6 52. Qc3 Qe7 53.
Qxa5 Bb7 54. Bg5 Qe3 55. Qd8+ Kf7 56. Qd7+ Kf8 57. Qd8+ Kf7 1/2-1/2

[Event "Israel Championship Finals"]
[Site "?"]
[Date "2002.12.01"]
[Round "7"]
[White "Kantsler, Boris"]
[Black "Kagansky, Gleb"]
[Result "0-1"]
[WhiteElo "2486"]
[BlackElo "2315"]
[PlyCount "154"]

1. d4 d5 2. c4 e6 3. Nf3 c6 4. Qc2 Nf6 5. Bg5 Nbd7 6. cxd5 exd5 7. Nc3 Be7 8.
e3 O-O 9. Bd3 Re8 10. h3 Nf8 11. Bf4 Bd6 12. Bxd6 Qxd6 13. O-O-O Be6 14. g4
Rac8 15. Kb1 c5 16. dxc5 Rxc5 17. Nd4 Qb8 18. Qb3 Ne4 19. Bxe4 dxe4 20. Nxe6
Rxe6 21. Rd4 Rce5 22. Rc1 Re8 23. Qc2 Qc8 24. Qa4 Qa8 25. Nb5 Ne6 26. Nc7 Nxc7
27. Rxc7 h5 28. Rdd7 Rf8 29. Rxb7 a5 30. Qc4 Qe8 31. a3 hxg4 32. hxg4 Qe6 33.
Qxe6 Rxe6 34. Ra7 Re5 35. Re7 Rb5 36. a4 Rb4 37. Rxa5 Rd8 38. Rc7 Rd1+ 39. Rc1
Rd2 40. Rc2 Rd1+ 41. Ka2 Kh7 42. Rc3 Rd2 43. Rb3 Rc4 44. Rh5+ Kg6 45. Rb6+ f6
46. a5 Rxf2 47. a6 Ra4+ 48. Kb3 Ra1 49. Rc5 Re2 50. Rc3 Kg5 51. Kc4 Kxg4 52. b4
Kf3 53. b5 Rxe3 54. Rxe3+ Kxe3 55. Re6 f5 56. b6 Rxa6 57. b7 Rxe6 58. b8=Q Kf3
59. Kd5 Ra6 60. Qb5 Ra1 61. Kd4 Rd1+ 62. Kc3 g6 63. Kc2 Re1 64. Qa6 Rg1 65. Qc6
g5 66. Qc5 Rg2+ 67. Kd1 f4 68. Ke1 Re2+ 69. Kf1 Ra2 70. Qc3+ e3 71. Qc6+ Kg3
72. Qd5 Rf2+ 73. Ke1 g4 74. Qh5 f3 75. Qh6 Kg2 76. Qd6 e2 77. Kd2 Rf1 0-1

[Event "Israel Championship Finals"]
[Site "?"]
[Date "2002.12.01"]
[Round "8"]
[White "Golod, Vitali"]
[Black "Avrukh, Boris"]
[Result "1/2-1/2"]
[WhiteElo "2523"]
[BlackElo "2595"]
[PlyCount "45"]

1. d4 d5 2. c4 c6 3. e3 Nf6 4. Bd3 a6 5. Nf3 Bg4 6. h3 Bh5 7. Nbd2 e6 8. b3 c5
9. O-O cxd4 10. exd4 Nc6 11. Bb2 Bb4 12. Be2 O-O 13. a3 Bxd2 14. Qxd2 Na5 15.
Qe3 dxc4 16. bxc4 b5 17. cxb5 Nd5 18. Qe4 axb5 19. Bxb5 Nb3 20. Rad1 Qa5 21.
Bd3 Bg6 22. Qg4 Rfc8 23. Bxg6 1/2-1/2

[Event "Israel Championship Finals"]
[Site "?"]
[Date "2002.12.02"]
[Round "8"]
[White "Postny, Evgeny"]
[Black "Erenburg, Sergey"]
[Result "1-0"]
[WhiteElo "2497"]
[BlackElo "2494"]
[PlyCount "109"]

1. e4 c6 2. d4 d5 3. e5 c5 4. dxc5 e6 5. Be3 Nd7 6. Bb5 Qc7 7. Nf3 Bxc5 8.
Bxd7+ Bxd7 9. Bxc5 Qxc5 10. O-O Ne7 11. c3 O-O 12. Nbd2 Qc7 13. Re1 b5 14. Nd4
a5 15. Re3 b4 16. N2f3 Rab8 17. Qd2 Qb6 18. cxb4 Qxb4 19. Rb3 Qxd2 20. Nxd2 a4
21. Rxb8 Rxb8 22. b3 Kf8 23. Rc1 Ke8 24. f4 Rb4 25. N2f3 Nf5 26. Rd1 axb3 27.
axb3 Nxd4 28. Nxd4 Rb6 29. Kf2 Ra6 30. Ke3 f6 31. g3 Ra2 32. Rd2 Ra1 33. Kd3
fxe5 34. fxe5 Rc1 35. Rc2 Re1 36. Re2 Rd1+ 37. Kc3 Ke7 38. Rd2 Re1 39. Re2 Rd1
40. b4 Rc1+ 41. Rc2 Rb1 42. Rb2 Rc1+ 43. Rc2 Rb1 44. Ra2 Rc1+ 45. Kd3 Rd1+ 46.
Rd2 Re1 47. b5 Rb1 48. Ra2 Rd1+ 49. Kc3 Rc1+ 50. Kd2 Rc4 51. Kd3 Kd8 52. b6 Kc8
53. Ra8+ Kb7 54. Rd8 Bc8 55. Nb5 1-0

[Event "Israel Championship Finals"]
[Site "?"]
[Date "2002.12.02"]
[Round "8"]
[White "Sutovsky, Emil"]
[Black "Shachar, Ehud"]
[Result "1-0"]
[WhiteElo "2657"]
[BlackElo "2374"]
[PlyCount "109"]

1. e4 e6 2. d4 d5 3. Nc3 dxe4 4. Nxe4 Nd7 5. Nf3 Ngf6 6. Bd3 Nxe4 7. Bxe4 Nf6
8. Bg5 h6 9. Bxf6 Qxf6 10. Qe2 c6 11. Ne5 Rb8 12. f4 Bb4+ 13. c3 Bd6 14. Qe3
Qe7 15. O-O-O Bd7 16. g4 Kd8 17. c4 Kc7 18. Nd3 g5 19. c5 Bxf4 20. Nxf4 gxf4
21. Qa3 Qh4 22. Qa5+ Kc8 23. Qc3 Rg8 24. Bf3 a6 25. Rd2 Rd8 26. Qd3 Qf6 27. Qe4
Kc7 28. h4 Rg8 29. Re2 Rbd8 30. Qe5+ Qxe5 31. dxe5 f6 32. exf6 Rdf8 33. Rd1
Rxf6 34. Re5 Rg7 35. Kc2 Be8 36. Rd6 Bf7 37. Kc3 Bg8 38. b4 Rd7 39. Rxd7+ Kxd7
40. Kd4 Bh7 41. Re2 Ke7 42. Rf2 Rf8 43. Be4 Rd8+ 44. Ke5 Bg8 45. Rxf4 Rd1 46.
Rf6 Rg1 47. Rg6 Kf7 48. Rxe6 Rxg4 49. Rxh6 Kg7 50. Rd6 Rxh4 51. Rd7+ Kf8 52.
Rd8+ Kg7 53. Rd7+ Kf8 54. a3 Rh5+ 55. Kf6 1-0

[Event "Israel Championship Finals"]
[Site "?"]
[Date "2002.12.02"]
[Round "8"]
[White "Polyakov, Alex"]
[Black "Kreizberg, Michael"]
[Result "0-1"]
[WhiteElo "2311"]
[BlackElo "2346"]
[PlyCount "62"]

1. e4 d6 2. g3 Nf6 3. Bg2 g6 4. d3 Bg7 5. f4 O-O 6. Nf3 c5 7. c3 Nc6 8. O-O Rb8
9. a4 a6 10. Qe2 b5 11. axb5 axb5 12. h3 b4 13. c4 Ne8 14. Nbd2 Nc7 15. Nb3 f5
16. e5 Ne6 17. exd6 exd6 18. Be3 Bb7 19. Rfe1 Qf6 20. Ra2 Rfe8 21. Qf1 h6 22.
Kh2 g5 23. Qf2 Kh8 24. Bh1 Ne7 25. Bc1 Ng6 26. Ra7 gxf4 27. gxf4 Bxf3 28. Bxf3
Nexf4 29. Rxe8+ Rxe8 30. Bxf4 Nxf4 31. Rxg7 Qxg7 0-1

[Event "Israel Championship Finals"]
[Site "?"]
[Date "2002.12.02"]
[Round "8"]
[White "Lederer, Yoav"]
[Black "Michalevsky, Victor"]
[Result "0-1"]
[WhiteElo "2272"]
[BlackElo "2524"]
[PlyCount "70"]

1. e4 c5 2. Nf3 Nc6 3. d4 cxd4 4. Nxd4 Nf6 5. Nc3 e5 6. Ndb5 d6 7. Bg5 a6 8.
Na3 b5 9. Nd5 Be7 10. Bxf6 Bxf6 11. c3 O-O 12. Nc2 Bg5 13. Be2 f5 14. Nde3 Ne7
15. Nxf5 Nxf5 16. exf5 Bb7 17. O-O Rxf5 18. Bg4 Rf6 19. Nb4 d5 20. Bf3 e4 21.
Bg4 Qd6 22. Nc2 Raf8 23. Qe2 b4 24. cxb4 Rh6 25. g3 Bd8 26. Rad1 Bb6 27. Ne3
Qe5 28. Rd2 Qg5 29. Nc2 Rhf6 30. Nd4 e3 31. h4 Qg6 32. Rd3 Rxf2 33. Rxf2 exf2+
34. Kf1 Qe4 35. Ne6 Qh1# 0-1

[Event "Israel Championship Finals"]
[Site "?"]
[Date "2002.12.02"]
[Round "8"]
[White "Pasman, Michael"]
[Black "Kantsler, Boris"]
[Result "1/2-1/2"]
[WhiteElo "2345"]
[BlackElo "2486"]
[PlyCount "57"]

1. d4 Nf6 2. Nf3 g6 3. Bf4 Bg7 4. e3 d6 5. Be2 O-O 6. h3 Nc6 7. O-O Nd7 8. c4
e5 9. Bh2 exd4 10. exd4 Qf6 11. Nc3 Nxd4 12. Nxd4 Qxd4 13. Nd5 c6 14. Ne7+ Kh8
15. Qxd4 Bxd4 16. Bxd6 Re8 17. Bg4 f5 18. Bf3 Nb6 19. Rad1 Bxb2 20. Rfe1 Kg7
21. c5 Nc4 22. Nxc6 Nxd6 23. cxd6 Rxe1+ 24. Rxe1 Ba3 25. Rd1 bxc6 26. Bxc6 Rb8
27. d7 Bxd7 28. Rxd7+ Kh6 29. Rb7 1/2-1/2

[Event "Israel Championship Finals"]
[Site "?"]
[Date "2002.12.02"]
[Round "8"]
[White "Deutsch, Eyal"]
[Black "Klenburk, Mikhail"]
[Result "1/2-1/2"]
[WhiteElo "2272"]
[BlackElo "2331"]
[PlyCount "96"]

1. e4 d6 2. d4 Nf6 3. f3 c6 4. c4 e5 5. Ne2 Be7 6. Nbc3 O-O 7. Be3 a6 8. dxe5
dxe5 9. Qxd8 Rxd8 10. Bb6 Re8 11. Nc1 Be6 12. Nb3 Nbd7 13. Be3 b5 14. O-O-O
Rec8 15. Be2 a5 16. cxb5 cxb5 17. Kb1 a4 18. Nc1 a3 19. Nxb5 axb2 20. Nb3 Bc5
21. Bxc5 Nxc5 22. Kxb2 Rxa2+ 23. Kxa2 Bxb3+ 24. Kb2 Bxd1 25. Rxd1 Ne6 26. Kb3
Rb8 27. Ka4 Nd7 28. Bc4 Nb6+ 29. Kb4 Nxc4 30. Kxc4 h5 31. Rd2 Rc8+ 32. Kb4 Rc1
33. Rd5 f6 34. Rd6 Nf4 35. g3 Nh3 36. Rd8+ Kh7 37. Rd7 Ng5 38. Nc7 Nxf3 39. Ne8
Nxh2 40. Nxg7 Ng4 41. Nf5+ Kg8 42. Rd8+ Kf7 43. Rd7+ Ke8 44. Rh7 Nf2 45. Nd6+
Kd8 46. Nb7+ Ke8 47. Nd6+ Kd8 48. Nb7+ Ke8 1/2-1/2

[Event "Israel Championship Finals"]
[Site "?"]
[Date "2002.12.02"]
[Round "8"]
[White "Gofshtein, Zvulun (Leonid)"]
[Black "Finkel, Alexander"]
[Result "1-0"]
[WhiteElo "2519"]
[BlackElo "2485"]
[PlyCount "43"]

1. e4 e6 2. d4 d5 3. Nd2 dxe4 4. Nxe4 Nd7 5. Nf3 Ngf6 6. Nxf6+ Nxf6 7. g3 c5 8.
Bg2 cxd4 9. Qxd4 Qxd4 10. Nxd4 Bc5 11. Nb3 Bd6 12. Be3 Nd5 13. Bd4 f6 14. O-O-O
Bd7 15. Rhe1 Kf7 16. Bc5 Bf8 17. Bxf8 Raxf8 18. Nc5 Bc8 19. Nxe6 Nc3 20. Nxf8
Nxd1 21. Rxd1 Rxf8 22. Bxb7 1-0

[Event "Israel Championship Finals"]
[Site "?"]
[Date "2002.12.03"]
[Round "9"]
[White "Hmelniker, Ilya"]
[Black "Roth, Efim"]
[Result "1-0"]
[WhiteElo "2298"]
[BlackElo "2125"]
[PlyCount "79"]

1. d4 Nf6 2. c4 g6 3. Nc3 d5 4. Bf4 Bg7 5. e3 O-O 6. cxd5 Nxd5 7. Nxd5 Qxd5 8.
Bxc7 Na6 9. Bxa6 Qxg2 10. Qf3 Qxf3 11. Nxf3 bxa6 12. Rg1 Bb7 13. Ke2 Rac8 14.
Rac1 Rfe8 15. Rc5 Bf8 16. Rc3 e6 17. a3 f6 18. Rgc1 Bg7 19. Bg3 Rxc3 20. Rxc3
Re7 21. Rc7 Kf7 22. Rxe7+ Kxe7 23. Bb8 Kd7 24. Bxa7 Bf8 25. Bc5 Bxc5 26. dxc5
Kc6 27. Nd4+ Kd5 28. b4 Bc8 29. Kd3 f5 30. f3 g5 31. e4+ Ke5 32. Nc6+ Kf4 33.
Ne7 Kxf3 34. exf5 e5 35. Nxc8 e4+ 36. Kd2 Kf2 37. Nd6 e3+ 38. Kd3 e2 39. Ne4+
Kf3 40. Kd2 1-0

[Event "Israel Championship Finals"]
[Site "?"]
[Date "2002.12.03"]
[Round "9"]
[White "Greenfeld, Alon"]
[Black "Roiz, Michael"]
[Result "1/2-1/2"]
[WhiteElo "2553"]
[BlackElo "2512"]
[PlyCount "29"]

1. c4 e6 2. Nf3 Nf6 3. g3 d5 4. b3 c6 5. Bg2 Nbd7 6. Bb2 Bd6 7. d4 Ne4 8. O-O
O-O 9. Ne5 f5 10. Nd3 b6 11. Nd2 Bb7 12. Nf3 Qe7 13. e3 Rfd8 14. Qe2 a5 15.
Nfe5 1/2-1/2

[Event "Israel Championship Finals"]
[Site "?"]
[Date "2002.12.03"]
[Round "9"]
[White "Bitansky, Igor"]
[Black "Deutsch, Eyal"]
[Result "1/2-1/2"]
[WhiteElo "2370"]
[BlackElo "2272"]
[PlyCount "48"]

1. Nf3 c5 2. e4 e6 3. d4 cxd4 4. Nxd4 Nf6 5. Nc3 Nc6 6. Ndb5 Bc5 7. Bf4 O-O 8.
Bd6 Bxd6 9. Nxd6 a6 10. g3 Qb6 11. Nc4 Qc5 12. Qd6 Qa7 13. Bg2 b5 14. Ne3 Qb8
15. O-O-O Qxd6 16. Rxd6 Ra7 17. f4 Ne8 18. Rd2 d6 19. Rhd1 Bd7 20. Kb1 Ne7 21.
Ne2 Bc6 22. c4 bxc4 23. Nxc4 d5 24. Na5 Ba8 1/2-1/2

[Event "Israel Championship Finals"]
[Site "?"]
[Date "2002.12.03"]
[Round "9"]
[White "Klenburg, Mikhail"]
[Black "Polyakov, Alex"]
[Result "1-0"]
[WhiteElo "2331"]
[BlackElo "2311"]
[PlyCount "77"]

1. e4 b6 2. d4 Bb7 3. Bd3 Nf6 4. Qe2 e6 5. Nf3 d5 6. e5 Nfd7 7. Ng5 Be7 8. Qg4
h5 9. Qg3 Nf8 10. h4 Ba6 11. O-O Bxd3 12. Qxd3 c5 13. c3 Nc6 14. Be3 Qd7 15.
Nd2 c4 16. Qe2 f6 17. exf6 gxf6 18. Ngf3 Ng6 19. b3 cxb3 20. axb3 Kf7 21. b4
Rac8 22. Nb3 Bd6 23. Rfe1 Nce7 24. Bd2 Nf5 25. Rxa7 Rc7 26. Ra6 Rb7 27. Nc5
bxc5 28. dxc5 Rc7 29. cxd6 Nxd6 30. Nd4 e5 31. Qf3 e4 32. Qg3 Nc4 33. Bg5 fxg5
34. Qxg5 Nf8 35. Rf6+ Ke8 36. Ra1 Rc8 37. Raa6 Rb8 38. Rf5 Rh7 39. Qf4 1-0

[Event "Israel Championship Finals"]
[Site "?"]
[Date "2002.12.03"]
[Round "9"]
[White "Avrukh, Boris"]
[Black "Shachar, Ehud"]
[Result "1-0"]
[WhiteElo "2595"]
[BlackElo "2374"]
[PlyCount "69"]

1. Nf3 e6 2. c4 f5 3. g3 Nf6 4. Bg2 d5 5. O-O c6 6. d3 Bc5 7. Qc2 Nbd7 8. cxd5
cxd5 9. Bf4 O-O 10. Nbd2 Qb6 11. Rac1 Ng4 12. e3 h6 13. Nb3 Bd6 14. Bxd6 Qxd6
15. Nfd4 a6 16. Qc7 Qxc7 17. Rxc7 Nb6 18. h3 Nf6 19. f4 Rf7 20. Rc2 Re7 21. Nf3
Rb8 22. Nbd4 Bd7 23. Ne5 Be8 24. Rfc1 Bf7 25. g4 g6 26. Rc7 Rbe8 27. g5 hxg5
28. fxg5 Nh7 29. h4 Nf8 30. e4 dxe4 31. dxe4 fxe4 32. Bxe4 Nd5 33. Rxe7 Rxe7
34. Rc8 Kg7 35. h5 1-0

[Event "Israel Championship Finals"]
[Site "?"]
[Date "2002.12.03"]
[Round "9"]
[White "Vydeslaver, Alik"]
[Black "Zilberman, Yaacov"]
[Result "1/2-1/2"]
[WhiteElo "2434"]
[BlackElo "2467"]
[PlyCount "107"]

1. e4 c6 2. d4 d5 3. Nd2 dxe4 4. Nxe4 Nd7 5. Bc4 Ngf6 6. Nxf6+ Nxf6 7. c3 Qc7
8. Qf3 Bg4 9. Qg3 Qxg3 10. hxg3 Bf5 11. f3 e6 12. Ne2 Nd5 13. Kf2 Bd6 14. g4
Bg6 15. Bd2 O-O-O 16. Bb3 h6 17. c4 Nf6 18. Rad1 Rhe8 19. Bc3 Bc7 20. g3 e5 21.
dxe5 Bxe5 22. Rxd8+ Kxd8 23. Rd1+ Kc7 24. Rd2 Bxc3 25. Nxc3 Nd7 26. Bd1 Nc5 27.
Be2 a5 28. Rd4 f6 29. Rd2 Bh7 30. Rd4 Ra8 31. Rd2 Bg8 32. Nd1 Be6 33. Ne3 Ra6
34. Nc2 Rb6 35. b3 Ra6 36. Ke3 Ra8 37. Kd4 Rd8+ 38. Kc3 Re8 39. Bd3 Bf7 40. Bf5
b6 41. Nd4 Re3+ 42. Kb2 Be8 43. Re2 Rxe2+ 44. Nxe2 g6 45. Bc2 Kd6 46. Kc3 Ne6
47. Kd2 b5 48. Nc3 Nc5 49. cxb5 cxb5 50. a3 Bc6 51. Ke3 g5 52. b4 axb4 53. axb4
Ne6 54. Bd3 1/2-1/2

[Event "Israel Championship Finals"]
[Site "?"]
[Date "2002.12.03"]
[Round "9"]
[White "Kantsler, Boris"]
[Black "Porat, Shay"]
[Result "1-0"]
[WhiteElo "2486"]
[BlackElo "2343"]
[PlyCount "73"]

1. e4 c5 2. Nf3 d6 3. c3 Nf6 4. Bd3 g6 5. Bc2 Bg7 6. O-O O-O 7. h3 Nc6 8. Re1
b6 9. d4 cxd4 10. cxd4 Nb4 11. Bb3 Ba6 12. Bg5 Rc8 13. Qd2 Nd3 14. Re3 Rc1+ 15.
Bd1 Rxd1+ 16. Qxd1 Nxb2 17. Qc2 Nc4 18. Rc3 d5 19. Bxf6 Bxf6 20. e5 Bg7 21. Qa4
Bb7 22. Nbd2 a6 23. Qb4 b5 24. a4 Bc6 25. axb5 Bxb5 26. Nb3 f6 27. Re1 fxe5 28.
dxe5 e6 29. Nbd4 Bd7 30. Qb7 Bc8 31. Qa7 Qa5 32. Rcc1 Bh6 33. Rb1 Qa2 34. Rb8
Nd2 35. Qc7 Qc4 36. Nc6 Nxf3+ 37. gxf3 1-0

[Event "Israel Championship Finals"]
[Site "?"]
[Date "2002.12.03"]
[Round "9"]
[White "Erenburg, Sergey"]
[Black "Pasman, Michael"]
[Result "0-1"]
[WhiteElo "2494"]
[BlackElo "2345"]
[PlyCount "82"]

1. e4 c6 2. d4 d5 3. e5 Bf5 4. Be3 e6 5. Nd2 Nd7 6. c3 f6 7. f4 Nh6 8. h3 g5 9.
fxg5 fxg5 10. g4 Bg6 11. Ngf3 Nf7 12. Be2 Be7 13. Nf1 Qb6 14. b4 h5 15. N3d2
hxg4 16. Bxg4 Nf8 17. Nb3 Nh6 18. Be2 Nf5 19. Bf2 Nh4 20. Ne3 Be4 21. Rg1 Nfg6
22. Nd2 Nf4 23. Nxe4 dxe4 24. Qb3 Nf3+ 25. Bxf3 exf3 26. Rg3 Qb5 27. Nc4 Rxh3
28. Rxh3 Nxh3 29. Bg3 Qd5 30. O-O-O g4 31. Kb2 Ng5 32. Ne3 Qxb3+ 33. axb3 Ne4
34. Rg1 O-O-O 35. Bf4 f2 36. Rxg4 Nd2 37. Rg7 Rf8 38. Bh6 Rh8 39. Rxe7 Rxh6 40.
Rf7 Rh2 41. Ka3 Nb1+ 0-1